Pulzus. - XV. évf. (2011) 1. sz.
Elmentve itt :
| Dokumentumtípus: | Folyóirat |
|---|---|
| Megjelent: |
2011
|
| Sorozat: | PulzusSpiritus: A Szegedi Orvostanhallgatók, Gyógyszerész- és Fogászhallgatók Közös Lapja
15 No. 1 |
| Online Access: | http://univ.bibl.u-szeged.hu/18293 |
| LEADER | 00563nas a2200145 i 4500 | ||
|---|---|---|---|
| 001 | univ18293 | ||
| 005 | 20200527140731.0 | ||
| 008 | 170615s2011 hu o 0|| zxx d | ||
| 040 | |a SZTE UnivHistória Repozitórium |b hun | ||
| 041 | |a zxx | ||
| 245 | 0 | 0 | |a Pulzus. - XV. évf. (2011) 1. sz. |h [elektronikus dokumentum] |
| 260 | |c 2011 | ||
| 490 | 0 | |a PulzusSpiritus: A Szegedi Orvostanhallgatók, Gyógyszerész- és Fogászhallgatók Közös Lapja |v 15 No. 1 | |
| 561 | |a Egyetemi, hallgatói élet | ||
| 856 | 4 | 0 | |u http://univ.bibl.u-szeged.hu/18293/1/pulzus_015_001.pdf |z Dokumentum-elérés |